Word Ladder: The Simpsons Quiz Stats

Quiz Updated May 30, 2012

Challenge
Share
Tweet
Embed
Score 0/59 Timer 07:00
2 Plays Today
Clue Word % Correct
**** SimpsonBART
97.5%
**** SimpsonLISA
95.3%
Without hairBALD
86.7%
007BOND
86.7%
Capital of PeruLIMA
85.4%
Group of musiciansBAND
85.3%
The mother of JesusMARY
85.3%
Walk with difficultyLIMP
85.2%
Place where tents are foundCAMP
83.5%
Source of illuminationLAMP
82.8%
Very smallTINY
81.3%
What trees are made ofWOOD
81.2%
Courageous and daringBOLD
81%
Suspend by ropeHANG
80.8%
Ancient poetBARD
80.2%
Gave an oral accountTOLD
79.5%
A room in a hospitalWARD
78.6%
Chow **** (Chinese meal)MEIN
78.3%
Large in number MANY
77.8%
Unit of speech or writing WORD
77.8%
Hired laborer on a farmHAND
77.4%
Thing to sit onSEAT
77.2%
Items written downLIST
77%
Three **** Sloth (mammal)TOED
76.8%
The flesh of animalsMEAT
74.9%
100th part of a U.S. dollarCENT
74.6%
Animal prized for it's furMINK
71.5%
Head coveringHOOD
71.5%
Trace or hint (of color)TINT
71.5%
**** FlandersTODD
71.5%
Clue Word % Correct
Selfish, or unaccommodatingMEAN
71%
Member of a monastic orderMONK
70.3%
Used a tool to weedHOED
70%
Conveyed or dispatchedSENT
69.5%
Fat ****TONY
68.9%
Heavy open vehicleCART
68.3%
Male sovereignKING
68.3%
Linen fabric for woundsLINT
67.6%
**** and KodosKANG
67%
Skinny or emaciatedBONY
65.6%
**** CarlsonCARL
64.5%
**** BrockmanKENT
64.4%
Chief in size or extentMAIN
61.5%
To find fault CARP
60.9%
Otto ****MANN
60.5%
**** MolemanHANS
58.6%
On one's guardWARY
56.7%
Young male horseCOLT
55.8%
Twist or curlKINK
55.1%
**** McClureTROY
54.6%
Ancient EuropeanCELT
53.9%
Go at a quick, steady paceTROT
51.2%
Sound made by a hornTOOT
50.1%
**** SimpsonMONA
48.8%
**** Van HoutenKIRK
46.4%
Softly hit volleyball shotDINK
45%
**** ChalmersGARY
44.2%
Aquatic birdCOOT
40.9%
Scottish dagger DIRK
36.5%

Today's Daily Dose

You're not logged in!

Compare scores with friends on all Sporcle quizzes.
Join for Free
OR
Log In

You Might Also Like...

Show Comments

Extras

Top Quizzes Today


Score Distribution

Your Account Isn't Verified!

In order to create a playlist on Sporcle, you need to verify the email address you used during registration. Go to your Sporcle Settings to finish the process.

Report this User

Report this user for behavior that violates our Community Guidelines.

Details: